| 000 | 00316nam a2200109 4500 | ||
|---|---|---|---|
| 999 |
_c13483 _d13483 |
||
| 008 | 190327b ||||| |||| 00| 0 eng d | ||
| 245 | _aUS climate report warns of worsening disasters. | ||
| 260 |
_aPhilippines _bPhilippine Daily Inquirer _cc2018 |
||
| 300 | _apage A4. | ||
| 650 | 0 |
_937718 _aClimate. |
|
| 942 |
_2ddc _cPER |
||